Copa America 2024 Final Argentina - Colombia - Statistics

General Stats
  • This quiz has been taken 220 times
  • The average score is 20 of 36
Answer Stats
Player % Correct
Lionel Messi
99%
Emiliano Martínez
97%
Lautaro Martínez ¹
97%
Lisandro Martínez
91%
James Rodríguez
88%
Ángel Di María
82%
Rodrigo De Paul
80%
Julián Álvarez
79%
Cristian Romero
74%
Alexis Mac Allister
71%
Enzo Fernández
70%
Luis Díaz
68%
Nicolás Tagliafico
67%
Gonzalo Montiel
65%
Lionel Scaloni
64%
Nahuel Molina
63%
Nicolás Otamendi
60%
Leandro Paredes
53%
Davinson Sánchez
50%
Jhon Arias
46%
Richard Ríos
46%
Santiago Arias
46%
Jefferson Lerma
42%
Jhon Córdoba
41%
Camilo Vargas
40%
Johan Mojica
39%
Juan Fernando Quintero
38%
Néstor Lorenzo
32%
Giovani Lo Celso
31%
Nicolás González
30%
Miguel Borja
28%
Rafael Santos Borré
28%
Carlos Cuesta
25%
Mateus Uribe
22%
Jorge Carrascal
21%
Kevin Castaño
21%
No matching quizzes found
Score Distribution
Percent of People with Each Score
Percentile by Number Answered
Your Score History
You have not taken this quiz